000 01372cam a22003617a 4500
003 CHAP
005 20220329142646.0
008 010920d2001 mx r 00110 spa d
010 _a86105
011 _a87077
035 _a97618
040 _cCHAP
090 _aTesis
100 0 0 _aNuñez Zambrano, Jorge Aurelio.
_982230
245 1 0 _aFactibilidad de una inversión en un vivero de café (Coffea arabica L.) var. catuai en Atoyac de Alvarez, Gro.
_c/por Jorge Aurelio Nuñez Zambrano
260 _aCocula, Gro. :
_bEl autor,
_c2001.
300 _a67 h. ;
_bcuadros ; mapas
502 _aTesis (Ing. Agr. Fitotecnista) -- Colegio Superior Agropecuario del Estado de Guerrero. Centro de Estudios Profesionales
590 _aALEPH
_b10
_c20130110
_lUCH01
_h1448
590 _aBATCH-UPD
_b10
_c20130110
_lUCH01
_h0250
590 _aBATCH-UPD
_b10
_c20130110
_lUCH01
_h2159
590 _aBATCH-UPD
_b10
_c20130409
_lUCH01
_h2320
590 _aBATCH-UPD
_b10
_c20130410
_lUCH01
_h1508
590 _aBATCH-UPD
_b10
_c20130914
_lUCH01
_h0809
590 _aCONVERSION
_b10
_c20130109
_lUCH01
_h1348
650 1 4 _aCafé
_xAspectos económicos
_xGuerrero.
_917102
650 1 4 _aCafé
_xGuerrero.
_917151
650 1 4 _aViveros cafetaleros.
_9120098
901 _aBK
905 _aAlejandra Carrasco M.
942 _cTESIS
949 _aTesis
_bBC
_cTES
_d33724000875001
_eTS1
_h39695
_i97618
_sb
999 _c86105
_d86105